[Event "30th Klatovy B 2024"]
[Site "Klatovy CZE"]
[Date "2024.07.07"]
[Round "9.37"]
[White "Deverova, Tereza 1992"]
[Black "Vanousek, Zdenek"]
[Result "1-0"]
[WhiteElo "1489"]
[BlackElo "1406"]
[PlyCount "47"]
[EventDate "2024.06.29"]
[EventType "swiss"]
[EventRounds "9"]
[EventCountry "CZE"]

1. d4 d5 2. Nf3 Nf6 3. Bf4 Nc6 4. e3 Bf5 5. c4 Nb4 6. Qa4+ Nc6 7. Nc3 e6 8. Ne5 Ne4 9. Nxc6 Nxc3 10. bxc3 Qd7 11. cxd5 exd5 12. Bb5 a6 13. O-O Bd6 14. Bxd6 Qxd6 15. Ne5+ c6 16. Bd3 Bxd3 17. Nxd3 O-O 18. Qb4 Qg6 19. Ne5 Qe6 20. Qxb7 Rfc8 21. Qd7 Qf6 22. Rab1 c5 23. Rfc1 Rd8 24. Qb7 1-0